Statistiques concernant Mini quiz football 2023

Cliquez ici pour prendre le quiz!

Statistiques générales

  • Ce quiz a été pris 408 fois
  • Le résultat moyen est 10 sur 14

Statistiques - réponses

QuestionRéponse% Correct
Qui est le footballeur ci-dessous?Lionel Messi
99%
Lequel de ces joueurs jouent pour la Croatie?
97%
À quel équipe correspond l'image ci-dessous:Portugal
97%
À quel club appartient le maillot ci-dessous:Bayern Munich
96%
J'ai 24 ans. Je suis un des Lions de l'Atlas. Mon meilleur ami, quant à lui, fait parti de l'équipe des Bleus. J'ai deux enfants. Qui suis-je ?Achraf Hakimi
92%
Qui est le ballon d'or 2022?Karim Benzema
89%
Quel est le pays le plus souvent qualifié à la coupe du monde?Brésil
77%
Qui est le footballeur le mieux payés en 2023?Cristiano Ronaldo
75%
Je suis né le 12 juillet 2000 (22 ans). Mon club actuel est le Real Madrid. Je joue dans l'équipe Brésilienne. Mon club formateur est le flamengo futsal. Qui suis-je ?Vinicius jr
72%
Qui n'est pas dans le top 3 des footballeurs les plus suivis sur les réseaux sociaux?Beckham
67%
Neymar a déja failli mourrir à 4 mois dans un accident d'auto. Vrai ou fauxVrai
57%
À ce jour, quel est le record de but en en sélection nationale?122
44%
Quel footballeur est le père de l'enfant ci-dessousNeymar jr
38%
Qui est le meilleur joueur sur Fifa 23?Lionel Messi
27%

Distribution des résultats

Percentile par nombre de réponses

% des personnes avec chaque résultat

Votre développement - résultats

Vous n’avez pas pris ce quiz